[Event "FRM-ch op"]
[Site "Skopje"]
[Date "2018.12.23"]
[Round "9"]
[White "Peev, Kosta"]
[Black "Tevdovski, Zoran"]
[Result "0-1"]
[WhiteElo "1957"]
[BlackElo "1850"]
[PlyCount "58"]
[EventDate "2018.12.15"]
[EventType "swiss"]
[EventRounds "9"]
[EventCountry "MKD"]
[SourceTitle "CBM 187 Extra"]
[Source "ChessBase"]
[SourceDate "2018.11.04"]
[SourceVersion "1"]
[SourceVersionDate "2018.11.04"]
[SourceQuality "1"]

1. d4 d5 2. Nf3 c5 3. e3 Nc6 4. Be2 Nf6 5. 0-0 e6 6. b3 cxd4 7. exd4 h6 8. Bb2 Bd6 9. Nbd2 0-0 10. Re1 b6 11. Rc1 Bb7 12. Ne5 Rc8 13. Bf3 Nb4 14. c4 Bxe5 15. dxe5 Nd7 16. Ba3 Nd3 17. Bxf8 Nxe1 18. Bd6 Nd3 19. Rc3 N7xe5 20. Bxe5 Nxe5 21. Re3 Nxf3+ 22. Nxf3 dxc4 23. Qb1 c3 24. Ne1 Qd2 25. Nc2 Ba6 26. Re1 Bd3 27. Rc1 Rc5 28. h3 Re5 29. b4 Re2 0-1

[Event "FRM-ch op"]
[Site "Skopje"]
[Date "2018.12.19"]
[Round "5"]
[White "Peev, Kosta"]
[Black "Nikolovski, David1111"]
[Result "1-0"]
[WhiteElo "1957"]
[BlackElo "1554"]
[PlyCount "41"]
[EventDate "2018.12.15"]
[EventType "swiss"]
[EventRounds "9"]
[EventCountry "MKD"]
[SourceTitle "CBM 187 Extra"]
[Source "ChessBase"]
[SourceDate "2018.11.04"]
[SourceVersion "1"]
[SourceVersionDate "2018.11.04"]
[SourceQuality "1"]

1. d4 Nf6 2. Nf3 g6 3. Bg5 Bg7 4. Nbd2 0-0 5. e4 d6 6. Bd3 c5 7. c3 cxd4 8. cxd4 Nc6 9. 0-0 h6 10. Bf4 g5 11. Bg3 Nh5 12. d5 Nxg3 13. hxg3 Nb4 14. Bb5 a5 15. Nc4 Na6 16. Nd4 Nc5 17. Re1 Bd7 18. Bxd7 Nxd7 19. Nf5 Kh7 20. Nce3 Nf6 21. Qd3 1-0

[Event "FRM-ch op"]
[Site "Skopje"]
[Date "2018.12.15"]
[Round "1"]
[White "Peev, Kosta"]
[Black "Kalin, Andrei"]
[Result "1-0"]
[WhiteElo "1957"]
[BlackElo "1203"]
[PlyCount "51"]
[EventDate "2018.12.15"]
[EventType "swiss"]
[EventRounds "9"]
[EventCountry "MKD"]
[SourceTitle "CBM 187 Extra"]
[Source "ChessBase"]
[SourceDate "2018.11.04"]
[SourceVersion "1"]
[SourceVersionDate "2018.11.04"]
[SourceQuality "1"]

1. d4 d5 2. Nf3 Bf5 3. e3 e6 4. Be2 Nf6 5. 0-0 Bd6 6. Nbd2 0-0 7. b3 Nbd7 8. Bb2 c6 9. c4 Rc8 10. a3 Qc7 11. b4 a6 12. Rc1 Qb8 13. h3 h6 14. Nb3 Rfd8 15. c5 Bc7 16. a4 Re8 17. b5 axb5 18. axb5 e5 19. b6 Bd8 20. dxe5 Nxe5 21. Bxe5 Rxe5 22. Nxe5 Qxe5 23. Qd4 Qe6 24. Qf4 Ne4 25. Nd4 Qd7 26. Qxf5 1-0

[Event "FRM-ch"]
[Site "Ohrid"]
[Date "2017.08.19"]
[Round "7"]
[White "Peev, Kosta"]
[Black "Mihov, Filip"]
[Result "1-0"]
[WhiteElo "1964"]
[BlackElo "2181"]
[PlyCount "85"]
[EventDate "2017.08.13"]
[EventType "swiss"]
[EventRounds "9"]
[EventCountry "MKD"]
[SourceTitle "CBM 180 Extra"]
[Source "ChessBase"]
[SourceDate "2017.10.06"]
[SourceVersion "1"]
[SourceVersionDate "2017.10.06"]
[SourceQuality "1"]

1. d4 d5 2. Nf3 c5 3. c3 Nf6 4. Bf4 g6 5. e3 Bg7 6. Be2 0-0 7. Nbd2 b6 8. 0-0 Bb7 9. h3 Nbd7 10. a4 a6 11. Qb3 Ne4 12. Rfd1 c4 13. Qb4 Nxd2 14. Rxd2 Re8 15. Qa3 Nf6 16. b3 Ne4 17. Rc2 Rc8 18. Rb1 cxb3 19. Rxb3 f6 20. Qb2 Rc6 21. c4 g5 22. Bh2 h5 23. c5 g4 24. Nh4 gxh3 25. Bxh5 hxg2 26. f3 Ng5 27. Rxg2 Bc8 28. Bxe8 Qxe8 29. Rxb6 Rxb6 30. cxb6 Qxa4 31. b7 Qd1+ 32. Kf2 Nh3+ 33. Kg3 Qe1+ 34. Rf2 Bxb7 35. Kxh3 Qxe3 36. Kg2 Bc8 37. Qb8 Qe6 38. Rc2 Qh3+ 39. Kg1 Qxh4 40. Qxc8+ Kf7 41. Qg4 Qe1+ 42. Kg2 Bh6 43. Qf5 1-0

[Event "FRM-ch"]
[Site "Ohrid"]
[Date "2017.08.16"]
[Round "4"]
[White "Peev, Kosta"]
[Black "Velickovski Nejkovic, Maja"]
[Result "1-0"]
[WhiteElo "1964"]
[BlackElo "2140"]
[PlyCount "71"]
[EventDate "2017.08.13"]
[EventType "swiss"]
[EventRounds "9"]
[EventCountry "MKD"]
[SourceTitle "CBM 180 Extra"]
[Source "ChessBase"]
[SourceDate "2017.10.06"]
[SourceVersion "1"]
[SourceVersionDate "2017.10.06"]
[SourceQuality "1"]

1. d4 Nf6 2. Nf3 d6 3. Bg5 Nbd7 4. Nbd2 c6 5. e4 e5 6. c3 Be7 7. Bc4 0-0 8. 0-0 b5 9. Bb3 a5 10. a4 Ba6 11. Re1 Rb8 12. Bh4 b4 13. Bg3 Qc7 14. Bc4 Bc8 15. Rc1 bxc3 16. Rxc3 c5 17. Bb5 exd4 18. Nxd4 Ne5 19. Bxe5 dxe5 20. Nc6 Ra8 21. Nc4 Bb7 22. Nxe7+ Qxe7 23. Qd6 Qd8 24. f3 Nh5 25. Qxe5 Qd4+ 26. Kf1 g6 27. Qxd4 cxd4 28. Rd3 Rad8 29. Red1 Nf4 30. Rxd4 Rxd4 31. Rxd4 Ne6 32. Rd7 Rb8 33. Nxa5 Ba8 34. Nc4 Nc5 35. Rd1 Nb3 36. Ne5 1-0

[Event "FRM-ch"]
[Site "Ohrid"]
[Date "2017.08.14"]
[Round "2"]
[White "Peev, Kosta"]
[Black "Atanasov, K Sande"]
[Result "1-0"]
[WhiteElo "1964"]
[BlackElo "1965"]
[PlyCount "91"]
[EventDate "2017.08.13"]
[EventType "swiss"]
[EventRounds "9"]
[EventCountry "MKD"]
[SourceTitle "CBM 180 Extra"]
[Source "ChessBase"]
[SourceDate "2017.10.06"]
[SourceVersion "1"]
[SourceVersionDate "2017.10.06"]
[SourceQuality "1"]

1. d4 Nf6 2. Nf3 g6 3. e3 Bg7 4. b3 d6 5. Bb2 b6 6. Nbd2 Bb7 7. Bd3 Nbd7 8. 0-0 0-0 9. c4 a5 10. a3 Re8 11. d5 Nc5 12. Bc2 e5 13. b4 axb4 14. axb4 Ncd7 15. Ba4 Rf8 16. Qb3 Qe7 17. Rfc1 Rfb8 18. Ng5 Ng4 19. Bxd7 Qxd7 20. h3 Nf6 21. Nge4 h6 22. Nc3 Qd8 23. Nb5 Nd7 24. Ne4 Nf6 25. Nec3 Nd7 26. Na7 Bf8 27. Ra4 Be7 28. Rca1 Kg7 29. Ncb5 Nf8 30. c5 bxc5 31. bxc5 c6 32. dxc6 Rxa7 33. c7 Rxa4 34. cxd8Q Rxa1+ 35. Bxa1 Rxd8 36. cxd6 Bf6 37. f4 Nd7 38. Nc7 Bc6 39. Qc4 Bb7 40. Qb5 Be4 41. fxe5 Bg5 42. e6+ Nf6 43. Bxf6+ Bxf6 44. Ne8+ Rxe8 45. Qxe8 fxe6 46. d7 1-0

[Event "Skopje Karposh op"]
[Site "Skopje"]
[Date "2017.04.01"]
[Round "1"]
[White "Peev, Kosta"]
[Black "Cossin, Sebastien"]
[Result "0-1"]
[WhiteElo "1960"]
[BlackElo "2499"]
[PlyCount "102"]
[EventDate "2017.04.01"]
[EventType "swiss"]
[EventRounds "9"]
[EventCountry "MKD"]
[SourceTitle "CBM 177 Extra"]
[Source "ChessBase"]
[SourceDate "2017.04.27"]
[SourceVersion "1"]
[SourceVersionDate "2017.04.27"]
[SourceQuality "1"]

1. d4 Nf6 2. Nf3 g6 3. Bg5 Bg7 4. Nbd2 d6 5. e4 h6 6. Bh4 g5 7. Bg3 Nh5 8. c3 c5 9. dxc5 Nxg3 10. hxg3 dxc5 11. Qb3 Qc7 12. Bb5+ Nd7 13. Nf1 a6 14. Bc4 e6 15. Ne3 Qc6 16. 0-0-0 b5 17. Be2 Rb8 18. Qc2 Bb7 19. Qd2 Qc7 20. Bd3 Ke7 21. Ng4 Nf6 22. Nxf6 Bxf6 23. Qe3 g4 24. Nd2 Bg5 25. Qe2 c4 26. Bc2 b4 27. Qxg4 bxc3 28. f4 cxd2+ 29. Rxd2 c3 30. Re2 Qa5 31. Bb3 cxb2+ 32. Kxb2 Rhg8 33. fxg5 Qe5+ 34. Kb1 Rxg5 35. Qf4 a5 36. Qxe5 Rxe5 37. Rh4 Ba6 38. Rb2 Bd3+ 39. Bc2 Reb5 40. Rb3 Rxb3+ 41. axb3 Rxb3+ 42. Kc1 Bxc2 43. Kxc2 Rxg3 44. Rxh6 Rxg2+ 45. Kb3 Rg4 46. Rh5 Rxe4 47. Rxa5 Rd4 48. Kc3 Rd7 49. Rh5 f5 50. Rh7+ Kd6 51. Rh8 Ke5 0-1

[Event "Chigorin Memorial 24th"]
[Site "St Petersburg"]
[Date "2016.10.21"]
[Round "7"]
[White "Stepanov, Ivan"]
[Black "Peev, Kosta"]
[Result "0-1"]
[WhiteElo "1760"]
[BlackElo "2108"]
[PlyCount "48"]
[EventDate "2016.10.15"]
[EventType "swiss"]
[EventRounds "9"]
[EventCountry "RUS"]
[SourceTitle "CBM 175 Extra"]
[Source "ChessBase"]
[SourceDate "2016.12.12"]
[SourceVersion "1"]
[SourceVersionDate "2016.12.12"]
[SourceQuality "1"]

1. Nf3 Nf6 2. g3 g6 3. Bg2 Bg7 4. 0-0 0-0 5. c4 d6 6. Nc3 Nbd7 7. d3 e5 8. Rb1 Re8 9. b4 a5 10. b5 Nc5 11. Nd2 Bf5 12. Ba3 Nfd7 13. Nde4 Rb8 14. b6 Nxe4 15. bxc7 Qxc7 16. Nxe4 Nc5 17. Nxc5 dxc5 18. Qa4 e4 19. Rfd1 exd3 20. Rxb7 Qxb7 21. Bxb7 dxe2 22. Re1 Bc3 23. Rxe2 Rxe2 24. Bd5 Bh3 0-1

[Event "Chigorin Memorial 24th"]
[Site "St Petersburg"]
[Date "2016.10.15"]
[Round "1"]
[White "Stupak, Kirill"]
[Black "Peev, Kosta"]
[Result "1-0"]
[WhiteElo "2564"]
[BlackElo "2108"]
[PlyCount "63"]
[EventDate "2016.10.15"]
[EventType "swiss"]
[EventRounds "9"]
[EventCountry "RUS"]
[SourceTitle "CBM 175 Extra"]
[Source "ChessBase"]
[SourceDate "2016.12.12"]
[SourceVersion "1"]
[SourceVersionDate "2016.12.12"]
[SourceQuality "1"]

1. d4 Nf6 2. g3 c6 3. Bg2 d5 4. Nf3 Bf5 5. 0-0 e6 6. c4 Bd6 7. Nc3 0-0 8. Qb3 Qc8 9. Nh4 Bg4 10. f3 Bh5 11. e4 c5 12. cxd5 cxd4 13. Nb5 Bc5 14. Bf4 Na6 15. Rac1 Qd7 16. Bh3 Rfe8 17. Be5 Rac8 18. Bxd4 Bxd4+ 19. Nxd4 Nc5 20. Qb5 Qd6 21. Rc3 g5 22. Ng2 g4 23. fxg4 Nxg4 24. Nf4 Qe5 25. Nf3 Qxe4 26. Nxh5 a6 27. Qc4 Qxc4 28. Rxc4 Ne3 29. Nf6+ Kf8 30. Rc3 Nxf1 31. Nxe8 Kxe8 32. Bxf1 1-0

[Event "FRM-ch op 25th"]
[Site "Struga"]
[Date "2016.07.17"]
[Round "2"]
[White "Pancevski, Filip"]
[Black "Peev, Kosta"]
[Result "1-0"]
[WhiteElo "2496"]
[BlackElo "2085"]
[PlyCount "49"]
[EventDate "2016.07.16"]
[EventType "swiss"]
[EventRounds "9"]
[EventCountry "MKD"]
[SourceTitle "CBM 173 Extra"]
[Source "ChessBase"]
[SourceDate "2016.08.29"]
[SourceVersion "1"]
[SourceVersionDate "2016.08.29"]
[SourceQuality "1"]

1. e4 c5 2. Nc3 Nc6 3. g3 g6 4. Bg2 Bg7 5. d3 Nf6 6. Nge2 d6 7. h3 Rb8 8. Be3 0-0 9. Qd2 Re8 10. g4 b5 11. 0-0 c4 12. g5 cxd3 13. cxd3 Nd7 14. Rac1 Qa5 15. b3 Bb7 16. d4 Rbc8 17. f4 b4 18. Na4 a6 19. f5 Na7 20. a3 Rxc1 21. Nxc1 Nc6 22. Na2 bxa3 23. Qf2 Qb5 24. fxg6 fxg6 25. Qf7+ 1-0

[Event "Graz op-A"]
[Site "Graz"]
[Date "2016.02.14"]
[Round "4"]
[White "Huber, Martin Christian"]
[Black "Peev, Kosta"]
[Result "1-0"]
[WhiteElo "2343"]
[BlackElo "2134"]
[PlyCount "73"]
[EventDate "2016.02.12"]
[EventType "swiss"]
[EventRounds "9"]
[EventCountry "AUT"]
[SourceTitle "CBM 170 Extra"]
[Source "ChessBase"]
[SourceDate "2016.02.25"]
[SourceVersion "1"]
[SourceVersionDate "2016.02.25"]
[SourceQuality "1"]

1. d4 Nf6 2. c4 c6 3. Nc3 d5 4. Nf3 dxc4 5. a4 Bf5 6. Ne5 Nbd7 7. Nxc4 Nb6 8. Ne5 a5 9. h4 e6 10. f3 h6 11. e4 Bh7 12. Be3 Qc7 13. Qb3 Nfd7 14. Nd3 Bd6 15. Rc1 0-0 16. Kf2 Rac8 17. Ne2 Qd8 18. Nc5 Qc7 19. g4 e5 20. Nxd7 Nxd7 21. d5 Be7 22. g5 hxg5 23. hxg5 Qd6 24. Qxb7 Rc7 25. Qb3 Rb8 26. Qc3 Qb4 27. dxc6 Qxa4 28. Bh3 Rb3 29. Qc2 Nb8 30. Nc3 Qc4 31. Bf1 Rxc3 32. Bxc4 Rxc2+ 33. Rxc2 Rxc6 34. Ba7 Nd7 35. Bxf7+ Kxf7 36. Rxc6 Bxg5 37. Rxh7 1-0

[Event "Belgrade Trophy 29th"]
[Site "Belgrade"]
[Date "2015.12.01"]
[Round "8"]
[White "Peev, Kosta"]
[Black "Martic, Ivan"]
[Result "1-0"]
[WhiteElo "2026"]
[BlackElo "2369"]
[PlyCount "131"]
[EventDate "2015.11.24"]
[EventType "swiss"]
[EventRounds "9"]
[EventCountry "SRB"]
[SourceTitle "CBM 169 Extra"]
[Source "ChessBase"]
[SourceDate "2015.12.18"]
[SourceVersion "1"]
[SourceVersionDate "2015.12.18"]
[SourceQuality "1"]

1. d4 Nf6 2. Nf3 g6 3. Bg5 Bg7 4. Nbd2 0-0 5. e4 d6 6. Bd3 Qe8 7. 0-0 Nc6 8. c3 h6 9. Bh4 Nh5 10. Re1 e5 11. Nb3 exd4 12. Nfxd4 Bd7 13. Nxc6 bxc6 14. Qf3 Qe5 15. Nd2 Qf4 16. Qxf4 Nxf4 17. Bc4 Rfb8 18. Rab1 g5 19. Bg3 Nh5 20. Nb3 Nxg3 21. hxg3 Rb6 22. Re2 a5 23. Nd4 Re8 24. Rd1 a4 25. Rdd2 a3 26. b3 Kf8 27. Re3 Re5 28. Nc2 f5 29. exf5 Rxe3 30. fxe3 Bxc3 31. Rd3 Bb2 32. e4 Ke7 33. g4 Kf6 34. Kf2 Ke5 35. Kf3 Bc1 36. Rd1 Bb2 37. Rd3 h5 38. gxh5 g4+ 39. Kxg4 d5 40. Bxd5 Bxf5+ 41. exf5 cxd5 42. Kf3 d4 43. g4 Rc6 44. Nb4 Rb6 45. Nc2 Rc6 46. Rd2 Rc3+ 47. Kf2 Bc1 48. Re2+ Kf4 49. Nxd4 c5 50. Nc2 Rf3+ 51. Kg2 Rg3+ 52. Kf1 Rxg4 53. Rf2+ Ke5 54. f6 Rg8 55. f7 Rf8 56. Ke2 Bg5 57. Nxa3 Bf6 58. Nc4+ Ke6 59. Ne3 Ra8 60. Kd3 Bg7 61. Ng4 Rd8+ 62. Kc2 Rh8 63. h6 Bf8 64. a4 c4 65. bxc4 Bc5 66. Rf6+ 1-0

[Event "FRM-ch op 24th"]
[Site "Struga"]
[Date "2015.08.25"]
[Round "4"]
[White "Peev, Kosta"]
[Black "Nikolov, Sasho"]
[Result "0-1"]
[WhiteElo "1999"]
[BlackElo "2350"]
[PlyCount "104"]
[EventDate "2015.08.22"]
[EventType "swiss"]
[EventRounds "9"]
[EventCountry "MKD"]
[SourceTitle "EXT 2016"]
[Source "ChessBase"]
[SourceDate "2015.10.08"]
[SourceVersion "1"]
[SourceVersionDate "2015.10.08"]
[SourceQuality "1"]

1. d4 d6 2. Nf3 Nd7 3. e4 c5 4. c3 g6 5. Bd3 Bg7 6. 0-0 e5 7. Be3 Ngf6 8. Nbd2 0-0 9. Nc4 Qe7 10. Re1 b6 11. b4 Ng4 12. Bg5 Bf6 13. Bd2 exd4 14. cxd4 cxd4 15. e5 Ngxe5 16. Nxd4 Qd8 17. Bh6 Nxd3 18. Qxd3 d5 19. Nc6 dxc4 20. Qxc4 b5 21. Qe4 Bb7 22. Ne7+ Bxe7 23. Qxb7 Bxb4 24. Red1 Qh4 25. Bxf8 Rxf8 26. Rxd7 Bc5 27. Qf3 Qc4 28. Qd3 Qe6 29. Qd5 Bxf2+ 30. Kh1 Qe2 31. Rd1 Bb6 32. Qb3 b4 33. R7d2 Qg4 34. Qf3 Qxf3 35. gxf3 Rc8 36. Rb2 Rc4 37. Kg2 Kg7 38. Re2 g5 39. Rd7 Kg6 40. Rd6+ f6 41. Rde6 Rc1 42. Re1 Rc3 43. Re8 h5 44. R1e2 Kf5 45. Rb2 Rc1 46. Rxb4 Rc2+ 47. Kh1 Rxa2 48. h4 g4 49. fxg4+ hxg4 50. Rb5+ Kf4 51. Rxb6 axb6 52. Re6 Kg3 0-1

[Event "Veliko Gradiste Silver Lake op-B"]
[Site "Veliko Gradiste"]
[Date "2015.06.27"]
[Round "8"]
[White "Hadzi Manev, Ljubomir"]
[Black "Peev, Kosta"]
[Result "1-0"]
[WhiteElo "2007"]
[BlackElo "1921"]
[PlyCount "117"]
[EventDate "2015.06.20"]
[EventType "swiss"]
[EventRounds "9"]
[EventCountry "SRB"]
[SourceTitle "CBM 167 Extra"]
[Source "ChessBase"]
[SourceDate "2015.09.14"]
[SourceVersion "1"]
[SourceVersionDate "2015.09.14"]
[SourceQuality "1"]

1. d4 d5 2. Bf4 Nf6 3. e3 e6 4. Nd2 Be7 5. Bd3 0-0 6. h3 c5 7. c3 Nc6 8. Ngf3 b6 9. Ne5 Bb7 10. 0-0 Rc8 11. Qf3 a6 12. a4 Bd6 13. Qe2 c4 14. Bc2 Qc7 15. Ndf3 b5 16. axb5 axb5 17. Nxc6 Qxc6 18. Bxd6 Qxd6 19. Ne5 b4 20. Ra7 Qb6 21. Rfa1 Ra8 22. Rxa8 Rxa8 23. Rxa8+ Bxa8 24. g4 b3 25. Bb1 Qa7 26. g5 Nd7 27. Bxh7+ Kf8 28. Nxd7+ Qxd7 29. Qf3 Qc7 30. h4 Bc6 31. h5 Qe7 32. Qf4 f5 33. gxf6 gxf6 34. Qh6+ Qg7+ 35. Qxg7+ Kxg7 36. Bg6 f5 37. Kg2 Kf6 38. Kg3 Kg5 39. f3 Bd7 40. Kf2 Bc6 41. Kg2 Kf6 42. Kg3 Kg5 43. Bf7 Bd7 44. Bg8 Kh6 45. Bf7 Kg5 46. Kh3 Kf6 47. Bg6 Kg5 48. Kg2 Bc6 49. Kf2 Bb5 50. e4 fxe4 51. fxe4 Bc6 52. Ke3 Bb7 53. Bf7 Kf6 54. Bg8 dxe4 55. Bh7 Kg5 56. Bxe4 Bc8 57. Bc6 Ba6 58. Ke4 Kf6 59. h6 1-0

[Event "Veliko Gradiste Silver Lake op-B"]
[Site "Veliko Gradiste"]
[Date "2015.06.23"]
[Round "4"]
[White "Zlatanovic, Nikola"]
[Black "Peev, Kosta"]
[Result "1-0"]
[WhiteElo "2053"]
[BlackElo "1921"]
[PlyCount "49"]
[EventDate "2015.06.20"]
[EventType "swiss"]
[EventRounds "9"]
[EventCountry "SRB"]
[SourceTitle "CBM 167 Extra"]
[Source "ChessBase"]
[SourceDate "2015.09.14"]
[SourceVersion "1"]
[SourceVersionDate "2015.09.14"]
[SourceQuality "1"]

1. d4 Nf6 2. Nf3 c6 3. c4 d5 4. cxd5 cxd5 5. Nc3 Nc6 6. g3 Bf5 7. Bg2 e6 8. 0-0 Bd6 9. Nh4 Bg6 10. Nxg6 hxg6 11. e4 dxe4 12. Nxe4 Nxe4 13. Bxe4 0-0 14. Be3 Qf6 15. Rc1 Nb4 16. Qb3 Rfd8 17. a3 Nd5 18. Bxd5 exd5 19. Qxb7 Qf3 20. Rc3 Rab8 21. Qxa7 Rxb2 22. Qa5 Be7 23. Bc1 Rb5 24. Qxd8+ Bxd8 25. Rxf3 1-0

[Event "Nis op-B"]
[Site "Nis"]
[Date "2015.04.22"]
[Round "4"]
[White "Vidanovic, Ljubisa"]
[Black "Peev, Kosta"]
[Result "1-0"]
[WhiteElo "1859"]
[BlackElo "2030"]
[PlyCount "89"]
[EventDate "2015.04.20"]
[EventType "swiss"]
[EventRounds "9"]
[EventCountry "SRB"]
[SourceTitle "CBM 166 Extra"]
[Source "ChessBase"]
[SourceDate "2015.06.18"]
[SourceVersion "1"]
[SourceVersionDate "2015.06.18"]
[SourceQuality "1"]

1. d4 Nf6 2. Nc3 d5 3. h3 c5 4. e3 Nc6 5. Bb5 Bf5 6. Nf3 e6 7. 0-0 Bd6 8. dxc5 Bxc5 9. Ne5 Qd6 10. Nxc6 bxc6 11. Bd3 Bb6 12. Bxf5 Bc7 13. g3 exf5 14. Qf3 h5 15. Kg2 h4 16. Rh1 hxg3 17. Qxg3 Qd7 18. Qf3 g5 19. Bd2 g4 20. hxg4 Rg8 21. Rag1 Ne4 22. Qe2 Rxg4+ 23. Kf1 Nxd2+ 24. Qxd2 0-0-0 25. Ne2 Rdg8 26. Qd3 Qd6 27. Qxf5+ Qd7 28. Nd4 c5 29. Rxg4 Rxg4 30. Rh8+ Bd8 31. Rxd8+ Kxd8 32. Nc6+ Qxc6 33. Qxg4 Qb5+ 34. Kg2 Qxb2 35. Qg5+ Ke8 36. Qxd5 Qxc2 37. Qa8+ Ke7 38. Qxa7+ Kf6 39. Qb6+ Kg7 40. Qb3 Qe4+ 41. f3 Qh4 42. Qc3+ f6 43. Qxc5 Qa4 44. Qe7+ Kg6 45. Qe4+ 1-0

[Event "Skopje Karposh op"]
[Site "Skopje"]
[Date "2015.04.01"]
[Round "7"]
[White "Hristodorescu, Daniel"]
[Black "Peev, Kosta"]
[Result "1-0"]
[WhiteElo "2194"]
[BlackElo "2030"]
[PlyCount "79"]
[EventDate "2015.03.27"]
[EventType "swiss"]
[EventRounds "9"]
[EventCountry "MKD"]
[SourceTitle "CBM 165 Extra"]
[Source "ChessBase"]
[SourceDate "2015.04.21"]
[SourceVersion "1"]
[SourceVersionDate "2015.04.21"]
[SourceQuality "1"]

1. e4 c5 2. Nf3 Nc6 3. Bb5 g6 4. 0-0 Bg7 5. Re1 Nf6 6. c3 0-0 7. h3 Ne8 8. Bf1 d5 9. e5 Nc7 10. d4 c4 11. g4 Bd7 12. Bg2 b5 13. Nbd2 b4 14. Nf1 bxc3 15. bxc3 Nb5 16. Bd2 Rb8 17. Ne3 Be6 18. Ng5 Nc7 19. f4 Qd7 20. Qc2 f5 21. exf6 Rxf6 22. f5 Bf7 23. Nxf7 Kxf7 24. fxg6+ Rxg6 25. Nf5 e6 26. Nxg7 Kxg7 27. g5 Re8 28. h4 e5 29. h5 Rge6 30. Qa4 e4 31. Be3 R6e7 32. Rf1 Ne5 33. Qxd7 Nxd7 34. Rab1 Nb6 35. Bh3 Na4 36. Rfc1 a6 37. Rb4 Nxc3 38. Rxc3 Nb5 39. Rc1 c3 40. a4 1-0

[Event "Skopje Karposh op"]
[Site "Skopje"]
[Date "2015.03.28"]
[Round "3"]
[White "Dimic, Pavle"]
[Black "Peev, Kosta"]
[Result "1-0"]
[WhiteElo "2320"]
[BlackElo "2030"]
[PlyCount "71"]
[EventDate "2015.03.27"]
[EventType "swiss"]
[EventRounds "9"]
[EventCountry "MKD"]
[SourceTitle "CBM 165 Extra"]
[Source "ChessBase"]
[SourceDate "2015.04.21"]
[SourceVersion "1"]
[SourceVersionDate "2015.04.21"]
[SourceQuality "1"]

1. d4 d5 2. Nf3 Nf6 3. c4 c6 4. e3 e6 5. Nc3 Nbd7 6. Bd3 dxc4 7. Bxc4 b5 8. Be2 a6 9. e4 b4 10. e5 bxc3 11. exf6 Nxf6 12. bxc3 Bd6 13. Qa4 Qc7 14. Ne5 0-0 15. Nc4 Bxh2 16. Ba3 Rd8 17. Bb4 Ne4 18. Bf3 Qf4 19. Qc2 a5 20. Nxa5 Nxf2 21. Rxh2 Qxh2 22. Kxf2 Qh4+ 23. Kg1 Rxd4 24. Nxc6 Rxb4 25. cxb4 Bb7 26. Qe4 Qf6 27. Qd4 Qg5 28. Rd1 h5 29. Qe5 Qxe5 30. Nxe5 Bxf3 31. gxf3 Rxa2 32. Rb1 f6 33. Nc6 Ra6 34. b5 Rb6 35. Na5 Kf8 36. Nc4 1-0

[Event "Skopje Karposh op"]
[Site "Skopje"]
[Date "2015.03.28"]
[Round "2"]
[White "Peev, Kosta"]
[Black "Hayrat, Mehmet Emir"]
[Result "1-0"]
[WhiteElo "2030"]
[BlackElo "1433"]
[PlyCount "99"]
[EventDate "2015.03.27"]
[EventType "swiss"]
[EventRounds "9"]
[EventCountry "MKD"]
[SourceTitle "CBM 165 Extra"]
[Source "ChessBase"]
[SourceDate "2015.04.21"]
[SourceVersion "1"]
[SourceVersionDate "2015.04.21"]
[SourceQuality "1"]

1. d4 Nf6 2. Nf3 g6 3. Bg5 Bg7 4. Nbd2 d6 5. e4 Nbd7 6. c3 e5 7. Be2 0-0 8. 0-0 c5 9. dxe5 Nxe5 10. Qc2 Bg4 11. Rfe1 Qe7 12. Nxe5 Bxe2 13. Nxg6 fxg6 14. Rxe2 Qe5 15. Nf3 Qe6 16. a4 h6 17. Bh4 g5 18. Bg3 Nh5 19. Rd1 Nxg3 20. hxg3 g4 21. Nh4 Rae8 22. Rd5 Be5 23. Qd2 Kh7 24. Nf5 Rd8 25. Qd1 Rg8 26. Red2 Rg6 27. Rxc5 dxc5 28. Rxd8 Bg7 29. Qe2 Rg5 30. Qd3 c4 31. Qd5 Rg6 32. Qxe6 Rxe6 33. Rd7 Rg6 34. Rxg7+ Rxg7 35. Nxg7 Kxg7 36. f4 Kf6 37. Kf2 b6 38. Ke3 a6 39. Kd4 b5 40. axb5 axb5 41. Kd5 h5 42. Kd6 h4 43. gxh4 g3 44. e5+ Kf5 45. e6 Kxf4 46. e7 Ke3 47. e8Q+ Kf2 48. Qxb5 Kxg2 49. Qxc4 Kh2 50. Qe2+ 1-0

[Event "Paracin-ch"]
[Site "Paracin"]
[Date "2015.01.19"]
[Round "7"]
[White "Peev, Kosta"]
[Black "Radovic, Janko"]
[Result "0-1"]
[WhiteElo "2026"]
[BlackElo "2275"]
[PlyCount "76"]
[EventDate "2015.01.15"]
[EventType "swiss"]
[EventRounds "7"]
[EventCountry "SRB"]
[SourceTitle "CBM 164 Extra"]
[Source "ChessBase"]
[SourceDate "2015.03.02"]
[SourceVersion "1"]
[SourceVersionDate "2015.03.02"]
[SourceQuality "1"]

1. d4 Nf6 2. Nf3 g6 3. Bg5 Ne4 4. Bh4 Bg7 5. Nbd2 d5 6. e3 Nd6 7. Bd3 0-0 8. 0-0 Nc6 9. c3 Nf5 10. Bg3 Nxg3 11. hxg3 e5 12. dxe5 Nxe5 13. Nxe5 Bxe5 14. Qc2 c5 15. e4 Bg4 16. exd5 Qxd5 17. Be4 Qd7 18. Nf3 Bf6 19. Rad1 Qc7 20. c4 Rae8 21. b3 Re7 22. Bd5 Rfe8 23. Rde1 Kg7 24. Qd2 b6 25. Rxe7 Rxe7 26. Re1 Bf5 27. Nh4 Bg4 28. Nf3 Qd8 29. Qf4 Bxf3 30. Rxe7 Bxd5 31. Rxa7 Be6 32. Qf3 Qd6 33. Qb7 Qd1+ 34. Kh2 Qh5+ 35. Kg1 Qe2 36. Qxb6 Bd4 37. Kh2 Bxf2 38. Qd8 Qe1 0-1